| 000 | 00593nam a22001817a 4500 | ||
|---|---|---|---|
| 003 | OSt | ||
| 005 | 20260223013729.0 | ||
| 008 | 260223b |||||||| |||| 00| 0 eng d | ||
| 040 |
_aDWC-Main lib _cOC |
||
| 082 |
_2 1st edition _aFil. 657.42 B687c |
||
| 100 | _aBolacating, Dean Renante | ||
| 245 |
_a Cost accounting and control/ _cDean Renante Bolacanting |
||
| 250 | _a1st edition | ||
| 260 |
_a[no place of publication]: _bBookSource Asia Publishers OPC and Win Ballado, _cc2025. |
||
| 300 | _c 25 cm. | ||
| 650 | _a1. Cost accounting. | ||
| 942 |
_2ddc _cBK - FIL _e 1st edition _kFil. _n0 |
||
| 999 |
_c8485 _d8485 |
||